Teora̕ de la impugnacin̤

Detalles Bibliográficos
Autor principal: Vilela Carbajal, Karla
Autor Corporativo: Jornadas de Derecho Procesal (Facultad de Derecho de la Universidad de Piura)
Formato: Procedimiento de la Conferencia eBook
Lenguaje:español
Publicado: Lima : Editorial Palestra, 2009
Materias:
Acceso en línea:Acceso restringido

MARC

LEADER 00000nam a22000007a 4500
005 20120626131229.0
007 cr|||| ||||
008 120626s2009 pe |||||s|||| 00||0 spa d
020 |a 978-612-4047-10-7 
035 |a 6461 
040 |a vLex 
090 |c 3243  |d 3243 
100 1 0 |a Vilela Carbajal, Karla 
245 1 0 |a Teora̕ de la impugnacin̤  |h [Recurso electrn̤ico] /  |c Karla Vilela Carbajal  
256 |a Servicio en ln̕ea 
260 |a Lima :  |b Editorial Palestra,  |c 2009 
300 |a 1 recurso electrn̤ico 
506 1 |a Contenido solo disponible en los productos indicados  |d vLex Global   |d vLex Global (Academic Edition, excluding Law Schools)   |d vLex Global (U.S. Academic Edition, Law Schools)   |d vLex Global (U.S. Academic Edition, excluding Law Schools)   |d vLex Global (Academic Edition, Law Schools)  
650 0 4 |a Recursos (Derecho)  |z Per︢ 
711 2 |a Jornadas de Derecho Procesal.  |e Facultad de Derecho de la Universidad de Piura  |c Piura,  |d 7 y 8 de mayo de 2007 
740 0 |a vLex Libros (Servicio en ln̕ea) 
856 4 0 |u http://vlex.com/source/teoria-impugnacion-6461  |z Acceso restringido 
942 |c BOOK 
999 0 |a Remedies (Law)